Researching Communications : (Record no. 608325)

MARC details
000 -LEADER
fixed length control field 00525nam a2200193 a 4500
008 - FIXED-LENGTH DATA ELEMENTS--GENERAL INFORMATION
fixed length control field 260111s2007##################000#0#eng##
020 ## - INTERNATIONAL STANDARD BOOK NUMBER
ISBN 9780340926994
082 04 - DEWEY DECIMAL CLASSIFICATION NUMBER
Classification number 302.2307
Item number DEA
100 1# - MAIN ENTRY--AUTHOR NAME
Personal name Deacon, David,
245 10 - TITLE STATEMENT
Title Researching Communications :
260 ## - PUBLICATION, DISTRIBUTION, ETC. (IMPRINT)
Name of publisher Bloomsbury Publishing PLC,
Year of publication 2007.
300 ## - PHYSICAL DESCRIPTION
Number of Pages 444 pages
650 #0 - SUBJECT ADDED ENTRY--TOPICAL TERM
Topical Term Language Arts & Disciplines.
942 ## - ADDED ENTRY ELEMENTS (KOHA)
Koha item type English Books
Holdings
Withdrawn status Lost status Damaged status Not for loan Home library Current library Shelving location Date acquired Full call number Accession Number Price effective from Koha item type
        Anna Centenary Library Anna Centenary Library 3RD FLOOR, B WING 12.01.2026 302.2307 DEA 333181 12.01.2026 English Books

Find us on the map